Countries without O in their Name - Statistics

General Stats
  • This quiz has been taken 49 times
    38 since last reset
  • The average score is 98 of 128
Answer Stats
Answer % Correct
Albania
92%
Australia
92%
Austria
92%
China
92%
Afghanistan
88%
Antigua and Barbuda
88%
Argentina
88%
Azerbaijan
88%
Belgium
88%
Brazil
88%
Czechia
88%
India
88%
Japan
88%
Latvia
88%
Netherlands
88%
New Zealand
88%
Russia
88%
Turkey
88%
Vatican City
88%
Bulgaria
85%
Egypt
85%
Finland
85%
France
85%
Greece
85%
Italy
85%
Lithuania
85%
Spain
85%
Sweden
85%
Venezuela
85%
Algeria
81%
Armenia
81%
Bahrain
81%
Bangladesh
81%
Belarus
81%
Belize
81%
Chile
81%
Cyprus
81%
Ghana
81%
Guatemala
81%
Guyana
81%
Haiti
81%
Libya
81%
Malta
81%
Nauru
81%
Pakistan
81%
Palau
81%
Papua New Guinea
81%
Paraguay
81%
Peru
81%
Qatar
81%
Yemen
81%
Zambia
81%
Canada
77%
Cuba
77%
Denmark
77%
Grenada
77%
Guinea
77%
Hungary
77%
Iran
77%
Iraq
77%
Ireland
77%
Israel
77%
Kazakhstan
77%
Madagascar
77%
Panama
77%
Saint Kitts and Nevis
77%
Saudi Arabia
77%
Sri Lanka
77%
Syria
77%
Turkmenistan
77%
Uruguay
77%
Bahamas
73%
Brunei
73%
Chad
73%
Fiji
73%
Gambia
73%
Germany
73%
Guinea-Bissau
73%
Jamaica
73%
Kenya
73%
Kiribati
73%
Kuwait
73%
Liberia
73%
Malawi
73%
Malaysia
73%
Nicaragua
73%
Saint Lucia
73%
Saint Vincent and the Grenadines
73%
Senegal
73%
Seychelles
73%
Suriname
73%
Switzerland
73%
Tunisia
73%
Uzbekistan
73%
Vietnam
73%
Eritrea
69%
Iceland
69%
Liechtenstein
69%
Mali
69%
Nepal
69%
Niger
69%
Rwanda
69%
Serbia
69%
Tajikistan
69%
Thailand
69%
Tuvalu
69%
Ukraine
69%
United Arab Emirates
69%
Vanuatu
69%
Zimbabwe
69%
Benin
65%
Bhutan
65%
Burundi
65%
Kyrgyzstan
65%
Maldives
65%
Marshall Islands
65%
Myanmar
65%
Nigeria
65%
Sudan
65%
Mauritania
62%
Namibia
62%
Tanzania
62%
Uganda
62%
Eswatini
58%
Mauritius
58%
Taiwan
58%
Philippines
54%
Central African Republic
50%
No matching quizzes found
Score Distribution
Percent of People with Each Score
Percentile by Number Answered
Your Score History
You have not taken this quiz since the last reset